| 000 | 00903cam a2200241 4500 | ||
|---|---|---|---|
| 001 | ABS61260 | ||
| 008 | 000000n1999 000 0 eng u | ||
| 035 | _a(Sirsi) u101879 | ||
| 100 | _aStraw, M. | ||
| 245 | _aTown centres of contention. | ||
| 260 | _c1999 | ||
| 490 |
_aEstates Gazette _v(9935) 4 September 1999, 129-131(2) |
||
| 520 | _aConsiders the government's sustainable development policy in planning. Argues that there is need for a comprehensive urban strategy rather than the current town-centre model. Highlights areas within the present sequential test which need clarification. | ||
| 650 | _aGOVERNMENT POLICY | ||
| 650 | _aPLANNING POLICY | ||
| 650 | _aSUSTAINABLE DEVELOPMENT | ||
| 650 | _aURBAN REGENERATION | ||
| 650 | _aSEQUENTIAL TEST | ||
| 650 | _aTOWN CENTRE DEVELOPMENT | ||
| 650 | _aOUT OF TOWN DEVELOPMENT | ||
| 690 | _aPLANNING LAW AND PRACTICE | ||
| 942 | _n0 | ||
| 999 |
_c60982 _d60982 |
||